Gavin and Stacey Characters Quiz Stats

Quiz not verified by Sporcle

Also try: Cast of Cheers
Challenge
Share
Tweet
Embed
Score 0/20 Timer 08:00
0 Plays Today
% Correct
Gavin
99.2%
Stacey
99.2%
Pam
95.6%
Pam
95.6%
Smithy
95.3%
Bryn
94.9%
Nessa
94.8%
Mick
94.3%
Gwen
91.6%
Pete
72.3%
% Correct
Dawn
70.8%
Neil
70.6%
Doris
69.6%
Fingers
62.7%
Jason
55.4%
Dave Coaches
51.4%
Budgie
49.2%
Simon
21.7%
Seth
8.8%
Jean
8.7%

You're not logged in!

Compare scores with friends on all Sporcle quizzes.
Sign Up with Email
OR
Log In

You Might Also Like...

Show Comments

Extras

Top Quizzes Today


Score Distribution

Your Account Isn't Verified!

In order to create a playlist on Sporcle, you need to verify the email address you used during registration. Go to your Sporcle Settings to finish the process.